00551nam a2200181 a 450000100060000000300080000600500170001400800410003103500190007204000270009104100080011808200280012610000190015424500750017326000610024830000280030965000320033761667BD-RjUL20211209081005.0170121s1986 ko af 000 0 eng  a(BD-RjUL)61791 aDLCcDLCdBD-RjULbeng aeng 223a370.95193bBOE 19861 aBok. Li, Yong 10aEducation in the Democratic People's Republic of Korea /cLi Yong Bok. aPyongyang, Korea :bForeign Languages Pub. House,c1986. a91 p. :bill. ;c19 cm. aEducation -- Korea (North)